Yugoslavia's Sunny Side a history of tourism in Socialism (1950s-1980s)

Bibliographic Details
Other Authors: Grandits, Hannes, 1966- (Editor), Taylor, Karin (Editor)
Format: Book
Language:English
PhysicalDescription:xxii, 415 s. fotogr., ilustr. 24 cm
Published: Budapest New York Central European University Press 2010
ISBN:9789639776692 (viaz.)
Subjects:

MARC

LEADER 00000nam a2200000 a 4500
001 vtls010428041
003 SK-MaSNL
005 20260301085406.0
008 160610s2010 hu ao f 001 0 eng
015 |a SNBZSA2013-001026 
020 |a 9789639776692 (viaz.) 
035 |a AF219306-B74E-4734-A867-DF54D68AA0C5 
035 |a urn:nbn:sk:snk-amlghy 
035 |a urn:nbn:sk:snk-am0093uv 
040 |a SNK  |b slo  |c SNK  |e AACR2 
041 0 |a eng 
044 |a hu  |c HU  |a xxu  |c US 
072 7 |a 338.3/.4  |x Hospodárske a výrobné odvetvia  |2 konspekt 
080 |a 338.48  |2 2001 
080 |a (497.1)  |2 2001 
080 |a (082)  |2 2001 
245 0 0 |a Yugoslavia's Sunny Side  |b a history of tourism in Socialism (1950s-1980s)  |c edited by Hannes Grandits and Karin Taylor 
246 3 0 |a A history of tourism in Socialism (1950s-1980s) 
260 |a Budapest  |a New York  |b Central European University Press  |c 2010 
300 |a xxii, 415 s.  |b fotogr., ilustr.  |c 24 cm 
504 |a Bibliogr. odkazy ; reg. ; zoz. 
648 7 |a 1951-1990  |2 SNKPH  |9 415407 
650 0 7 |a cestovný ruch  |2 SNKPH  |9 999 
650 0 7 |a Tourism  |2 SNKPHeng  |9 266335 
651 7 |a Juhoslávia  |2 SNKPH  |9 22118 
651 7 |a Yugoslavia  |2 SNKPHeng  |9 300744 
655 7 |a zborníky  |2 SNKPH  |9 70165 
655 7 |a Miscellanea  |2 SNKPHeng  |9 265155 
700 1 |a Grandits, Hannes,  |d 1966-  |4 edt  |9 415408 
700 1 |a Taylor, Karin  |4 edt  |9 415409 
919 |a 978-963-9776-69-2 
958 |a ZS 
958 |a NB 
958 |a SK 
958 |a CZ 
999 |c 665656  |d 667586 
952 |a SNK  |b SNK  |y PREZ  |7 0  |p 17A0954424  |o snkSC 149841  |i snk2012/11012  |8 3  |g 53.90  |0 0  |1 0  |4 0  |d 2012-06-06  |f 1  |l 0  |r 2025-07-18 00:00:00  |w 2026-02-23